Vuestros pastores! Jesús ante la ciencia

محفوظ في:
التفاصيل البيبلوغرافية
المؤلف الرئيسي: Verut, Emilio (مؤلف)
التنسيق: كتاب
اللغة:الإسبانية
منشور في: Santiago Imprenta La Ilustracion 1938
الطبعة:1a. ed
الموضوعات:
الوسوم: إضافة وسم
لا توجد وسوم, كن أول من يضع وسما على هذه التسجيلة!

MARC

LEADER 00000cam a2200000 a 4500
001 UCD0592
003 CL-VaPUC
008 151204e19380000cl |||||||||||||||||spa|d
082 0 4 |a 291.5  |b VER  |2 21 
100 0 |a Verut, Emilio  |e author  |9 583544 
245 1 0 |a Vuestros pastores! Jesús ante la ciencia 
250 |a 1a. ed 
300 |a 252 p 
942 |c BK 
945 |d 20151204 12:43:00  |a gsalatino 
260 |a Santiago  |b Imprenta La Ilustracion  |c 1938 
600 0 |a Jesucristo  |9 481811 
650 0 |a Teología moral   |9 256617 
583 |a last modification  |c 20151204 12:43:00  |k Rodrigo Vera 
999 |c 362055  |d 362053 
952 |0 0  |1 0  |3 erb  |4 0  |6 291_500000000000000_VER_1938  |7 0  |8 P  |9 472919  |a BIBTEO  |b BIBTES  |c TEO_FTES  |i 5272025  |o 291.5 VER 1938  |p 5272025  |r 2024-01-18  |w 2019-11-24  |y BK  |z Catalogado en:20151204  |k ICR